000 00501nam a2200181Ia 4500
008 240729s9999 xx 000 0 und d
022 _a1452-8266
245 0 _aJournal of Medical Biochemistry
260 _aSerbia
260 _bSociety of Medical Biochemists of Serbia, Belgrade
650 _a Biochemistry
650 _a Chemistry
650 _a Organic chemistry
650 _aScience
856 _uhttps://doaj.org/toc/13e5d5885dc9496180d773f867f5ed84
942 _2ddc
942 _cDOAJEJ
999 _c72600
_d72600
945 _a1
_bMadushi Gamage
_c1
_dMadushi Gamage